UBT Library

Nolo's patents for beginners / (Record no. 39923)

000 -LEADER
fixed length control field 00718cam a2200241 a 4500
001 - CONTROL NUMBER
control field 13519856
005 - DATE AND TIME OF LATEST TRANSACTION
control field 20180109074401.0
008 - FIXED-LENGTH DATA ELEMENTS--GENERAL INFORMATION
fixed length control field 040312s2004 cauak 001 0 eng
010 ## - LIBRARY OF CONGRESS CONTROL NUMBER
LC control number 2004043499
020 ## - INTERNATIONAL STANDARD BOOK NUMBER
International Standard Book Number 1413300715 (alk. paper)
040 ## - CATALOGING SOURCE
Original cataloging agency DLC
Transcribing agency DLC
Modifying agency DLC
041 ## - LANGUAGE CODE
Language code of text/sound track or separate title eng
043 ## - GEOGRAPHIC AREA CODE
Geographic area code n-us---
080 ## - UNIVERSAL DECIMAL CLASSIFICATION NUMBER
Universal Decimal Classification number 346.730
082 00 - DEWEY DECIMAL CLASSIFICATION NUMBER
Classification number 346.730 PRE
Edition number 22
100 1# - Rafti
Rafti 46
101 ## - Shkurtesa
Shkurtesa EDU
245 10 - TITLE STATEMENT
Title Nolo's patents for beginners /
Statement of responsibility, etc by David Pressman and Richard Stim.
246 30 - VARYING FORM OF TITLE
Title proper/short title Patents for beginners
906 ## - LOCAL DATA ELEMENT F, LDF (RLIN)
a 7
b cbc
c orignew
d 1
e ocip
f 20
g y-gencatlg
942 ## - ADDED ENTRY ELEMENTS (KOHA)
Source of classification or shelving scheme
Item type Books
Holdings
Withdrawn status Lost status Source of classification or shelving scheme Damaged status Not for loan Collection code Permanent location Current location Shelving location Date acquired Total Checkouts Full call number Barcode Date last seen Price effective from Koha item type
          Koleksioni i përgjithshem UBT - Lipjan UBT - Lipjan Koleksioni i përgjithshem 01/09/2018   346.730 PRE 002-2995236 01/09/2018 01/09/2018 Books
UBT Library © 2015-2024. All rights reserved University Education for Business and Technology